|
|
|
|
| LEADER |
02056nam a2200313 i 4500 |
| 003 |
GR-PaULI |
| 005 |
20250124123401.0 |
| 008 |
161006s2015 g a|||f b||| 001 0 gre d |
| 020 |
|
|
|a 9786185004361
|
| 040 |
|
|
|a GR-PaULI
|b gre
|c GR-PaULI
|e AACR2
|
| 082 |
0 |
4 |
|a 889.13
|2 23
|
| 082 |
0 |
4 |
|a 889.24
|
| 100 |
1 |
|
|9 31382
|a Βογιατζόγλου, Αθηνά
|e συγγραφέας.
|
| 245 |
1 |
0 |
|a Ποίηση και πολεμική :
|b μια βιογραφία του Γιώργου Κοτζιούλα /
|c Αθηνά Βογιατζόγλου ; επίμετρο, γλωσσάρι Νίκος Σαραντάκος.
|
| 260 |
|
|
|a Αθήνα :
|b Κίχλη,
|c 2015.
|
| 300 |
|
|
|a 487 σ. :
|b εικ. ;
|c 24 εκ.
|
| 490 |
1 |
|
|a Μελέτες - δοκίμια / Κίχλη
|
| 504 |
|
|
|6 Περιλαμβάνει βιβλιογραφία και ευρετήριο.
|
| 600 |
1 |
4 |
|9 157353
|a Κοτζιούλας, Γιώργος
|d 1909-1956
|x Ερμηνεία και κριτική
|
| 700 |
1 |
|
|a Σαραντάκος, Νίκος Δ.,
|d 1959-
|9 141860
|e συγγραφέας επίμετρου.
|
| 830 |
|
0 |
|9 165972
|a Μελέτες - Δοκίμια (Κίχλη)
|
| 942 |
|
|
|2 ddc
|c BK15
|
| 952 |
|
|
|0 0
|1 0
|2 ddc
|4 0
|6 889_240000000000000_ΒΟΓ
|7 0
|9 206115
|a THST
|b THST
|d 2016-10-06
|i 014215
|l 0
|o 889.24 ΒΟΓ
|p 025000138343
|r 2016-10-06 00:00:00
|t 1
|y BK15
|
| 952 |
|
|
|0 0
|1 0
|2 ddc
|4 0
|6 889_130000000000000_ΒΟΓ
|7 0
|9 207560
|a LISP
|b LISP
|c BSC
|d 2016-11-22
|i 105850
|l 3
|m 2
|o 889.13 ΒΟΓ
|p 025000253230
|r 2021-06-30 00:00:00
|s 2021-06-18
|t 2
|v 2016.00
|w 2016-11-22
|y BK15
|
| 952 |
|
|
|0 0
|1 0
|2 ddc
|4 0
|6 889_130000000000000_ΒΟΓ
|7 0
|9 361092
|a LISP
|b LISP
|c DON
|d 2022-06-09
|e ΠΑΤ
|i 151986
|l 0
|o 889.13 ΒΟΓ
|p 025000280944
|r 2022-06-09 00:00:00
|t 3
|w 2022-06-09
|y BKN
|
| 952 |
|
|
|0 0
|1 0
|2 ddc
|4 0
|6 889_130000000000000_ΒΟΓ
|7 0
|9 386612
|a LISP
|b LISP
|c BSC
|d 2025-01-24
|e ΚΟΤ
|i 369753
|l 0
|o 889.13 ΒΟΓ
|p 025000296467
|r 2025-01-24 12:35:40
|t 2
|w 2025-01-24
|y BK15
|z Δωρεά Ελισάβετ και Παναγιώτη Κοτζιά
|
| 998 |
|
|
|c ΜΑΝΙΑ
|d 2016-10
|
| 998 |
|
|
|c ΣΑΤΛΑΝΗΣ
|d 2025-01
|
| 999 |
|
|
|c 125343
|d 125343
|